000 00801nam a2200205 a 4500
005 20140412111421.0
008 080105s19uu xx 00 eng d
020 _a0-439-41659-0
050 _aM 551.55
_bB45 2000
100 _aBerger, Melvin
245 _aDo Tornadoes relly twist? :
_bQuestions and answers about tornadoes and Hurricanes /
_cby Melvin and Gilda Berger.
250 _a1st Edition
260 _aNew York :
_bScholastic,
_cc2000.
300 _a48p.
440 _aScholastic question and answer series
500 _aIncludes index
520 _aProvides answers to a variety of questions about tornadoes and Hurricanes, including " Where do most tornadoes strike," and " How long do hurricanes last?"
650 _aTornadoes
_xMiscellanea
_xJuvenile literature
999 _c106029
_d106029